Effectif France - Coupe du Monde 2014 - Statistiques

Statistiques générales
  • Ce quiz a été pris 131 fois
  • Le résultat moyen est 19 sur 24
Statistiques - réponses
POSTE CLUB NUMERO JOUEUR % Correct
ATT Real Sociedad 11 Antoine Griezmann
99%
G Tottenham 1 Hugo Lloris
99%
ATT Real Madrid 10 Karim Benzema
97%
DEF Real Madrid 4 Raphaël Varane
96%
ATT Arsenal 9 Olivier Giroud
93%
DEF Manchester United 3 Patrice Évra
93%
MIL PSG 14 Blaise Matuidi
92%
G AS Saint-Étienne 16 Stéphane Ruffier
91%
MIL Juventus 19 Paul Pogba
89%
COACH - - Didier Deschamps
88%
DEF Arsenal 21 Laurent Koscielny
84%
DEF Liverpool 5 Mamadou Sakho
81%
MIL PSG 6 Yohan Cabaye
81%
DEF Arsenal 15 Bacary Sagna
77%
ATT Olympique de Marseille 8 Mathieu Valbuena
73%
MIL Southampton 22 Morgan Schneiderlin
70%
G SC Bastia 23 Mickaël Landreau
65%
DEF Newcastle 2 Mathieu Debuchy
64%
DEF FC Porto 13 Eliaquim Mangala
62%
DEF PSG 17 Lucas Digne
62%
MIL Newcastle 18 Moussa Sissoko
62%
MIL Montpellier HSC 7 Rémy Cabella
59%
MIL LOSC 12 Rio Mavuba
56%
ATT Newcastle 20 Loïc Rémy
50%
Aucun quiz correspondant
Distribution des résultats
% des personnes avec chaque résultat
Percentile par nombre de réponses
Votre historique - résultats
Vous n’avez pas pris ce quiz